00452nam a2200169Ia 450000500170000000800410001708200200005810000140007824500620009226000500015430000210020465000100022565000130023565000120024865000140026065000080027420240826053340.0240331s9999 xx 000 0 und d bLISa019507307X aHedges, E 0aListening to silences :bNew essays in feminist criticism aNew YorkbOxford University Press, Inc.c1994 a viii, 326 p ., aWomen aFeminism aHistory aCriticism aSex